| 000 | 00651pab a2200217 454500 | ||
|---|---|---|---|
| 008 | 180718b2013 xxu||||| |||| 00| 0 eng d | ||
| 100 | _aHashemi, Ali | ||
| 245 | _aFrom health service delivery to family planning: The changing impact of health clinics on fertility in Rural Iran | ||
| 260 | _c2013 | ||
| 300 | _ap.282-309. | ||
| 362 | _aJan | ||
| 650 | _aFertility - Iran | ||
| 650 | _aBirth control - Iran | ||
| 650 | _aFamily planning - Iran | ||
| 650 | _aHealth services - Iran | ||
| 650 | _aHealth services | ||
| 700 | _aSalehi-Isfahani, Djavad | ||
| 773 | _aEconomic Development and Cultural Change | ||
| 908 | _aN | ||
| 909 | _a98091 | ||
| 999 |
_c98090 _d98090 |
||